01016nam a22002897a 4500003000500000005001700005008004100022010001000063011001100073020001800084035001100102040000900113082001600122100003400138245017500172260006600347300003800413490003600451650002800487650002800515650004700543650003000590650002000620650002800640700002200668830003600690CHAP20220329143622.0101014s2009 mx r 00010 spa d a99426 a100398 a9786077761013 a111084 cCHAP14a361.37bG931 aGuadarrama Sánchez, Gloria.10aTrabajo voluntario y trabajo informal en el sector solidario:bel empleo en las instituciones Mexiquenses de asistencia privadac/por Gloria Guadarrama y Cristina Girardo aZinacantepec, Edo. de Méx.. :bEl Colegio Mexiquense,c2009 a55 p. :bilus., cuadros, gráfs. aAvances de investigaciónv; 514aEmpleoxMéxico (Edo.)14aInstituciones sociales.14aMéxico (Edo.)xCondiciones económicas.14aParticipación ciudadana14aTrabajo social.14aTrabajos, Métodos de.1 aGirardo, Cristina0 aAvances de investigaciónv; 5